000 00691nam a2200205 4500
999 _c14587
_d14587
008 191014b ||||| |||| 00| 0 eng d
020 _a978-981-4834-78-0
082 _22019
_aDC 658.3
_bG875
100 _aGriffin, Ricky W.
_940358
245 _aOrganizational behavior:
_bmanaging people and organizations,
_cRicky W. Griffin [ and two others]
250 _aTwelfth Edition
260 _aAustralia :
_bCengage ,
_c©2019.
300 _axxvii, 608 pages :
_billustrations ;
_c23 cm.
500 _aIncludes indexes.
650 _aOrganizational behavior
_940359
700 _aPhillips, Jean M.
_940360
700 _aGully, Stanley M.
_940361
365 _b1,596.00
_cPhp
942 _2ddc
_cDC